| 000 | 01060 a2200349 4500 | ||
|---|---|---|---|
| 005 | 20250818085828.0 | ||
| 008 | 250818b |||||||| |||| 00| 0 eng d | ||
| 022 | _a27087743 | ||
| 022 | _a2708-5422 | ||
| 041 | _aFr | ||
| 041 | _aEn | ||
| 044 | _aCIV | ||
| 090 | _bDG/A/1648 | ||
| 100 | _a COULIBALY, Klotioloma | ||
| 100 | _aACKA, Jacques Alain Kotaix | ||
| 100 | _a GOGBE-DIBI, Francoise Bale | ||
| 100 | _aKEBE, Boubacar Ismael | ||
| 110 | _aCentre National de Recherche Agronomique | ||
| 110 | _bCote d'Ivoire | ||
| 245 | _aDefis et opportunite de l'utilisation du compost pour une agriculture durable (synthese bibliographique) | ||
| 260 | _a | ||
| 260 | _cjuin 2025 | ||
| 302 | _a p. 248-258 | ||
| 388 | _a2025-08-18 | ||
| 650 |
_2AGROVOC _g Interets |
||
| 650 | _g agronomie | ||
| 650 | _gDechets organiques | ||
| 650 | _glutte biologique | ||
| 650 | _gdurabilite | ||
| 650 | _g Ecologie. | ||
| 856 | _uhttps://ftech.byethost7.com/wp-content/uploads/2025/08/DGA1648.pdf | ||
| 999 |
_c5967 _d5967 |
||